Good Vibrations The complete guide to vibrators

Guardat en:
Dades bibliogràfiques
Autor principal: Blank, Joani
Format: Llibre
Idioma:anglès
Publicat: Down There Press 1989
Etiquetes: Afegir etiqueta
Sense etiquetes, Sigues el primer a etiquetar aquest registre!

MARC

LEADER 00000nam a2200000 4500
005 20240918193723.0
008 240724b |||||||| |||| 00| 0 eng d
020 |a 978-0940208124 
040 |c GP 
100 |a Blank, Joani 
245 |a Good Vibrations  |b The complete guide to vibrators 
260 |b Down There Press  |c 1989 
942 |2 ddc  |c BK  |n 0 
952 |0 0  |1 0  |2 ddc  |4 0  |6 810_000000000000000_BLA  |7 1  |9 1709  |a RM  |b RM  |d 2024-07-24  |l 0  |o 810 BLA  |p 469  |r 2024-07-24 17:18:58  |w 2024-07-24  |y BK 
999 |c 1522  |d 1522